000 00571nam a22002057a 4500
999 _c8747
_d8747
003 GBCCL
005 20241126110657.0
008 210927b ||||| |||| 00| 0 eng d
020 _a0927022222
020 _a9780927022224
040 _cgbc
082 _a920
_bJON
100 _a Jones, Larry W.
_915427
245 _aThe challenge of His call ,
_cLarry W. Jones.
250 _aRevised ed.
260 _aMiddleton, Idaho :
_bCHJ Pub.,
_c©1996., 1999
300 _a191 pages ; 23 cm
650 _aHunting
_vReligious aspects
_xChristianity.
_915428
942 _2ddc
_cBK